| 000 | 00556nam a22001937a 4500 | ||
|---|---|---|---|
| 003 | BUBTL | ||
| 008 | 180811b xxu||||| |||| 00| 0 eng d | ||
| 020 | _a984-8466-01-31 | ||
| 082 | _a347MIC | ||
| 100 |
_91986 _aMiah,Siddiqur Rahman |
||
| 245 |
_aCommentary on Civil Rules and Orders (Volume-ii)/ _cSiddiqur Rahman Miah |
||
| 250 | _a1st ed. | ||
| 260 |
_aDhaka : _bNew Warsi Book Corporation, _cc2012. |
||
| 300 |
_a491 p. : _c25 cm. |
||
| 650 | 0 |
_926 _aLaw |
|
| 856 |
_k0 _l0 _yDownload |
||
| 942 |
_2ddc _cBK |
||
| 999 |
_c5780 _d5780 |
||